<?xml version='1.0' encoding='UTF-8'?>
  <record xmlns="http://www.loc.gov/MARC21/slim">
    <leader>00000cam a2200000 i 4500</leader>
    <controlfield tag="001">ocm64003046</controlfield>
    <controlfield tag="003">OCoLC</controlfield>
    <controlfield tag="005">20241006144240.1</controlfield>
    <controlfield tag="008">921021s1932    ne b          000 0 dut d</controlfield>
    <datafield tag="040" ind1=" " ind2=" ">
      <subfield code="a">COO</subfield>
      <subfield code="b">eng</subfield>
      <subfield code="c">COO</subfield>
      <subfield code="d">NLGGC</subfield>
      <subfield code="d">OCLCO</subfield>
      <subfield code="d">OCLCQ</subfield>
      <subfield code="d">OCLCO</subfield>
      <subfield code="d">OCLCQ</subfield>
      <subfield code="d">YUS</subfield>
      <subfield code="d">OCLCF</subfield>
      <subfield code="d">OCLCA</subfield>
      <subfield code="d">L2U</subfield>
      <subfield code="d">QGJ</subfield>
      <subfield code="d">OCLCO</subfield>
      <subfield code="d">OCLCL</subfield>
      <subfield code="d">OCLCQ</subfield>
    </datafield>
    <datafield tag="029" ind1="1" ind2=" ">
      <subfield code="a">NLGGC</subfield>
      <subfield code="b">052648923</subfield>
    </datafield>
    <datafield tag="035" ind1=" " ind2=" ">
      <subfield code="a">(OCoLC)64003046</subfield>
    </datafield>
    <datafield tag="043" ind1=" " ind2=" ">
      <subfield code="a">a-io---</subfield>
    </datafield>
    <datafield tag="050" ind1="1" ind2="4">
      <subfield code="a">BV3390.I5</subfield>
      <subfield code="b">A85 1932</subfield>
    </datafield>
    <datafield tag="084" ind1=" " ind2=" ">
      <subfield code="a">74.21</subfield>
      <subfield code="2">bcl</subfield>
    </datafield>
    <datafield tag="100" ind1="1" ind2=" ">
      <subfield code="a">Breukelaar, W.,</subfield>
      <subfield code="d">1865-1940,</subfield>
      <subfield code="e">author.</subfield>
      <subfield code="4">aut</subfield>
      <subfield code="1">https://id.oclc.org/worldcat/entity/E39PCjxyk3cG6CqrQqHVRMq3kP</subfield>
    </datafield>
    <datafield tag="245" ind1="1" ind2="0">
      <subfield code="a">Atlas van de zendingsterreinen van de Gereformeerde Kerken in Nederland /</subfield>
      <subfield code="c">door W. Breukelaar en L.G. Goris.</subfield>
    </datafield>
    <datafield tag="260" ind1=" " ind2=" ">
      <subfield code="a">Wageningen :</subfield>
      <subfield code="b">[Zomer &amp; Keuning],</subfield>
      <subfield code="c">[1932]</subfield>
    </datafield>
    <datafield tag="300" ind1=" " ind2=" ">
      <subfield code="a">36 pages :</subfield>
      <subfield code="b">maps ;</subfield>
      <subfield code="c">32 x 25 cm</subfield>
    </datafield>
    <datafield tag="336" ind1=" " ind2=" ">
      <subfield code="a">text</subfield>
      <subfield code="b">txt</subfield>
      <subfield code="2">rdacontent</subfield>
    </datafield>
    <datafield tag="337" ind1=" " ind2=" ">
      <subfield code="a">unmediated</subfield>
      <subfield code="b">n</subfield>
      <subfield code="2">rdamedia</subfield>
    </datafield>
    <datafield tag="338" ind1=" " ind2=" ">
      <subfield code="a">volume</subfield>
      <subfield code="b">nc</subfield>
      <subfield code="2">rdacarrier</subfield>
    </datafield>
    <datafield tag="610" ind1="2" ind2="0">
      <subfield code="a">Dutch Reformed Church in Indonesia.</subfield>
    </datafield>
    <datafield tag="650" ind1=" " ind2="0">
      <subfield code="a">Missions</subfield>
      <subfield code="z">Indonesia</subfield>
      <subfield code="x">Geography</subfield>
      <subfield code="v">Maps.</subfield>
    </datafield>
    <datafield tag="651" ind1=" " ind2="0">
      <subfield code="a">Indonesia</subfield>
      <subfield code="v">Maps.</subfield>
    </datafield>
    <datafield tag="650" ind1=" " ind2="6">
      <subfield code="a">Missions</subfield>
      <subfield code="z">Indonésie</subfield>
      <subfield code="x">Géographie</subfield>
      <subfield code="v">Cartes.</subfield>
    </datafield>
    <datafield tag="650" ind1=" " ind2="7">
      <subfield code="a">74.21 geography of Asia.</subfield>
      <subfield code="0">(NL-LeOCL)077610989</subfield>
      <subfield code="2">bcl</subfield>
    </datafield>
    <datafield tag="650" ind1=" " ind2="7">
      <subfield code="a">Missions</subfield>
      <subfield code="x">Geography.</subfield>
      <subfield code="2">fast</subfield>
      <subfield code="0">(OCoLC)fst01023793</subfield>
    </datafield>
    <datafield tag="651" ind1=" " ind2="7">
      <subfield code="a">Indonesia.</subfield>
      <subfield code="2">fast</subfield>
      <subfield code="0">(OCoLC)fst01209242</subfield>
      <subfield code="1">https://id.oclc.org/worldcat/entity/E39PBJcrbVHmQ674B9vYY3X8G3</subfield>
    </datafield>
    <datafield tag="650" ind1="1" ind2="7">
      <subfield code="a">Zending.</subfield>
      <subfield code="2">gtt</subfield>
    </datafield>
    <datafield tag="650" ind1="1" ind2="7">
      <subfield code="a">Gereformeerde Kerken in Nederland.</subfield>
      <subfield code="2">gtt</subfield>
    </datafield>
    <datafield tag="655" ind1=" " ind2="7">
      <subfield code="a">Maps.</subfield>
      <subfield code="2">fast</subfield>
      <subfield code="0">(OCoLC)fst01423704</subfield>
    </datafield>
    <datafield tag="655" ind1=" " ind2="7">
      <subfield code="a">Atlases (form)</subfield>
      <subfield code="0">(NL-LeOCL)088141551</subfield>
      <subfield code="2">gtt</subfield>
    </datafield>
    <datafield tag="700" ind1="1" ind2=" ">
      <subfield code="a">Goris, L. G.,</subfield>
      <subfield code="d">1859-1945,</subfield>
      <subfield code="e">author.</subfield>
      <subfield code="4">aut</subfield>
      <subfield code="1">https://id.oclc.org/worldcat/entity/E39PCjHbYgbtfBFxhdPJdPtk6q</subfield>
    </datafield>
    <datafield tag="758" ind1=" " ind2=" ">
      <subfield code="i">has work:</subfield>
      <subfield code="a">Atlas van de zendingsterreinen van de Gereformeerde Kerken in Nederland (Text)</subfield>
      <subfield code="1">https://id.oclc.org/worldcat/entity/E39PCGDV4gqWpd3PQvFxvv6GDy</subfield>
      <subfield code="4">https://id.oclc.org/worldcat/ontology/hasWork</subfield>
    </datafield>
    <datafield tag="936" ind1=" " ind2=" ">
      <subfield code="a">BATCHLOAD</subfield>
    </datafield>
  </record>